| 000 | 00446nam a2200181Ia 4500 | ||
|---|---|---|---|
| 001 | 4799 | ||
| 005 | 20260306145821.0 | ||
| 008 | 260306t2006||||xx |||||||||||||| ||spa|| | ||
| 041 | _aESP | ||
| 082 |
_a330.12 _bS17D |
||
| 100 |
_aSalinas Ramos, Francisco (coord.) _eAUT |
||
| 245 | 0 | _aEl desarrollo rural en Iberoamérica | |
| 260 | _c2006 | ||
| 300 |
_a263 páginas : _c24 cm. |
||
| 650 | _aGEN | ||
| 654 | _aCAN | ||
| 942 |
_cLIB _dJUS _fJUS _2ddc _n |
||
| 999 |
_c4799 _d4799 |
||